000 01180nam0a2200313 4500
001 RU\NLR\ONL2\16965
005 20260406075304.0
010 _a987-5-7696-3222-8
_9220
035 _a(NLR Aleph) 009664550
090 _a9630174
_c9630174
100 _a20100315d2009 |||y0rusy50 ca
101 0 _ayuk
_arus
102 _aRU
105 _aa |||||||||
200 1 _aХуодиир сукидьэврэйрукунпэ титэ банну
_dХодиэт эндьоонпэ таатмиэни
_e[сказки]
_fТэки Одулок
_g[худож. С. Н. Курилова]
210 _aЯкутск
_cБичик
_d2009
215 _a16 с.
_cцв. ил.
_d29
225 1 _aВ мире сказок
300 _aЧасть текста рус.
541 1 _aПочему животные такие
_zrus
686 1 _aШ9(2)6=Юк-2
700 0 _4070
_7ca
_8rus
_aТекки Одулок
_f1906-1938
_9165040
_3RU\NLR\AUTH\770165084
702 1 _aКурилова
_bС. Н.
_gСамона Николаевна
_4440
801 0 _aRU
_bNLR
_c20100315
_gPSBO
852 _aNLR
_bОНЛ
_jЮкагир./5-3
942 _cBOOK
980 _aNB
980 _aONL_RF